Culture Générale Française #10 - Statistiques

Statistiques générales
  • Ce quiz a été pris 590 fois
  • Le résultat moyen est 9 sur 20
Statistiques - réponses
Question Réponse % Correct
Quel groupe comprenait entre autres Gims et Black M ? Sexion d'Assaut
83%
Quelle est la rue la plus chère dans le Monopoly français ? Rue de la Paix
76%
Si vous composez le 3630, qui aurez-vous au bout du fil ? Père Noël
74%
Quel syndicat Philippe Martinez a-t-il dirigé ? CGT
68%
Quel château François Ier a-t-il fait construire ? Château de Chambord
65%
Quel animal est la mascotte des éponges Spontex ? Hérisson
60%
À quel auteur le mot "marivaudage" est-il associé ? Marivaux
60%
Où habite un•e Castelroussin•e ? Châteauroux
58%
Quel mot désigne, notamment dans l'Est et en Normandie, une poignée de porte ? C{lenche}
50%
Quelle chanson commence par "Le ciel bleu sur nous peut s'effondrer" ? Hymne à l'amour
47%
Quel est le nom du fils de Gargantua ? Pantagruel
43%
Pour quoi peut-on prendre des vessies selon l'expression ? Des lanternes
39%
Qui a peint Le Sacre de Napoléon ? Jacques-Louis David
38%
Quel est le nom de la période entre les règnes de Louis XIV et Louis XV ? Régence
34%
Comment s'appelle la région agricole au sud-ouest de Paris ? Beauce
32%
Avec qui Jean-Pierre Bacri collaborait-il souvent pour écrire des scénarios ? Agnès Jaoui
31%
Quel plat d'origine auvergnate est fait à partir de pommes de terre, d'ail et de Cantal ? Truffade
26%
Quelles créatures de la télévision passaient beaucoup de temps à pomper ? Les Shadoks
20%
Contre qui Yannick Noah a-t-il remporté la finale de Roland-Garros en 1983 ? Mats Wilander
17%
Quelle décoration récompense les membres de l'Éducation ? Ordre des Palmes académiques
12%
Aucun quiz correspondant
Distribution des résultats
% des personnes avec chaque résultat
Percentile par nombre de réponses
Votre historique - résultats
Vous n’avez pas pris ce quiz